00718nam a2200241 a 4500001001300000003000900013005001700022008004100039020002300080082001700103100001800120245007300138260002400211300000900235500003500244505001000279650003000289700001800319902000800337942000700345952010900352999001500461nice12345678IN_TiNIC20260116012007.0050524s1977 gena grp 000 0 eng  a2825450 c10000a291.172bSAM aSamartha, S J aFaith in the Midst of Faithsb Reflections on Dialogue in Community. aGeneva bWCC c1977 a198p aincludes index and biblioraphy2 aIndex aReconciliation-Interfaith1 aSamartha, S J bSRS cBK 00104070aHMIbHMId2012-02-28g100.00l1o291.172 SAMp08201r2020-02-26s2020-02-19w2026-01-16yEB c5200d5200